[Event "FRA-ch"]
[Site "Val Thorens"]
[Date "1988.??.??"]
[Round "8"]
[White "Bernard, Christophe"]
[Black "Andruet, Gilles"]
[Result "0-1"]
[WhiteElo "2320"]
[BlackElo "2450"]

1.d4 d5 2.c4 dxc4 3.Nf3 a6 4.a4 Nf6 5.Nc3 Bf5 6.e3 e6 7.Bxc4 c5 8.O-O Nc6
9.Ne5 cxd4 10.Nxc6 bxc6 11.exd4 Bd6 12.Qf3 Qc7 13.h3 O-O 14.Bg5 Be7 15.Rfd1 a5
16.Rac1 Qd7 17.Bf4 Qb7 18.Bb5 Rac8 19.Bg5 Qb6 20.Bd3 Bxd3 21.Qxd3 Rfd8 22.Ne4 Nd5
23.Bxe7 Nxe7 24.Qa3 Nf5 25.Qc5 Qxb2 26.Rb1 Qa2 27.Qxa5 Ra8 28.Qb6 Qxa4 29.Nc5 Qa7
30.Qxc6 Nxd4 31.Rxd4 Rxd4  0-1

[Event "RSFSR-ch"]
[Site "Voronezh"]
[Date "1988.??.??"]
[Round "?"]
[White "Ruban, Vadim"]
[Black "Yakovich, Yuri"]
[Result "1-0"]
[WhiteElo "2395"]
[BlackElo "2450"]

1.d4 d5 2.c4 dxc4 3.Nf3 a6 4.e3 Nf6 5.Bxc4 e6 6.Qe2 b5 7.Bd3 Bb7 8.a4 b4
9.O-O Nbd7 10.e4 Be7 11.Nbd2 c5 12.e5 Nd5 13.Nb3 cxd4 14.Re1 O-O 15.Qe4 g6
16.Qg4 Kg7 17.h4 h5 18.Qg3 Nc5 19.Nxc5 Bxc5 20.Ng5 Qd7 21.Ne4 Be7 22.Bg5 Bxg5
23.hxg5 Rfc8 24.Nf6 Qd8 25.Rad1 Rc7 26.Qh4 Nxf6 27.gxf6+ Kg8 28.Be4 a5 29.Bxb7 Rxb7
30.Rxd4 Rd7 31.Red1 Rxd4 32.Rxd4 Qc7 33.Qg5 Rc8 34.Kh2 Kh7 35.Rh4 Qc1 36.Qxh5+ Kg8
37.f4  1-0

[Event "Wiesbaden op"]
[Site "Wiesbaden"]
[Date "1988.??.??"]
[Round "6"]
[White "Alber, Horst"]
[Black "Kallai, Gabor"]
[Result "1/2-1/2"]
[WhiteElo "2275"]
[BlackElo "2450"]

1.d4 d5 2.c4 dxc4 3.Nf3 c5 4.e3 e6 5.Bxc4 Nf6 6.O-O a6 7.a3 b5 8.Ba2 cxd4
9.exd4 Be7 10.Nc3 Bb7 11.Qe2 O-O 12.Bg5 Nc6 13.Rad1 Nd5 14.Ne4 Bxg5 15.Nexg5 Nce7
16.Rfe1 Nf4 17.Qe3 Neg6 18.Bb1 h6 19.Ne4 Nd5 20.Qd2 Nf6  1/2-1/2

[Event "Barcelona Vulca"]
[Site "Barcelona"]
[Date "1989.??.??"]
[Round "?"]
[White "Campos Moreno, Javier B"]
[Black "Westerinen, Heikki MJ"]
[Result "1-0"]
[WhiteElo "2430"]
[BlackElo "2400"]

1.d4 d5 2.c4 dxc4 3.Nf3 a6 4.e3 Nf6 5.Bxc4 e6 6.O-O c5 7.Bd3 Nc6 8.Nc3 cxd4
9.exd4 g6 10.Bg5 Be7 11.Be4 h6 12.Bh4 O-O 13.Bxc6 bxc6 14.Ne5 Bb7 15.Bxf6 Bxf6
16.Ne4 Bg7 17.Nc5 Qe7 18.Qc2 Rad8 19.Rad1 Rd5 20.f4 Rfd8 21.Qe4 a5 22.a3 Ba8
23.Rd3 Rb8 24.Rf2 Rbd8 25.b4 Qa7 26.Rfd2 Rb8 27.bxa5 Bf8 28.Qe3 Rxc5 29.dxc5 Bxc5
30.Rd4 Rb2 31.Nf3 Rb1+ 32.Kf2 Qxa5 33.Kg3 Bxd4 34.Qxd4 Qxa3 35.Qd8+ Qf8 36.Qxf8+ Kxf8
37.Rd8+ Ke7 38.Rxa8 f6 39.Ra7+ Kd6 40.Rf7 c5 41.Rxf6 c4 42.Rf8 Rc1 43.Rc8 Kd5
44.Ne5 Rc3+ 45.Kg4 Rc2 46.g3 g5 47.Nxc4 Rxh2 48.fxg5 hxg5 49.Nb6+ Kd4 50.Rd8+ Kc5
51.Na4+ Kc4 52.Nb6+ Kc5 53.Nc8 Kc6 54.Ne7+ Kc7 55.Rd3 Re2 56.Kxg5 Kb6 57.g4 Kc5
58.Kf6 Kc4 59.Rd8 e5 60.g5 e4 61.Nf5  1-0

[Event "GMA-qual"]
[Site "Belgorod"]
[Date "1989.??.??"]
[Round "?"]
[White "Bagaturov, Giorgi"]
[Black "Efimov, Igor"]
[Result "0-1"]
[WhiteElo "2365"]
[BlackElo "2395"]

1.d4 d5 2.c4 dxc4 3.Nf3 a6 4.e3 Nf6 5.Bxc4 e6 6.O-O c5 7.Qe2 Qc7 8.e4 cxd4
9.e5 Nfd7 10.Bf4 Nc6 11.Nbd2 Nc5 12.a3 b5 13.Ba2 Bb7 14.Rac1 Rd8 15.b4 Na4
16.Ne4 Be7 17.Bb1 Qb6 18.Bd3 Rd5 19.Rfe1 h6 20.h3 a5 21.bxa5 Nxa5 22.Rb1 Bc6
23.Bd2 Bxa3 24.Bb4 Bxb4 25.Rxb4 Nc3 26.Qb2 O-O 27.Nxd4 Rxd4 28.Qxc3 Rfd8
29.Nd6 Rxb4 30.Qxb4 Nb7 31.Rb1 Nxd6 32.exd6 Bd5 33.Rc1 f5 34.d7 Rxd7 35.Rc8+ Rd8
36.Qxb5 Qd6 37.Rxd8+ Qxd8 38.Bc4 Kh7 39.Qc5 Qa8 40.Bxd5 Qa1+ 41.Kh2 Qe5+
42.Kg1 Qe1+ 43.Kh2 Qe5+ 44.Kg1 exd5 45.h4 Kg6  0-1

[Event "GMA-qual"]
[Site "Belgorod"]
[Date "1989.??.??"]
[Round "?"]
[White "Gofshtein, Leonid D"]
[Black "Donchenko, Anatoly G"]
[Result "1-0"]
[WhiteElo "2415"]
[BlackElo "2370"]

1.d4 d5 2.c4 dxc4 3.Nf3 a6 4.e4 b5 5.a4 Bb7 6.axb5 axb5 7.Rxa8 Bxa8 8.Nc3 e6
9.Bg5 f6 10.Qa1 Nd7 11.Bf4 Bb4 12.Bxc7 Qxc7 13.Qxa8+ Kf7 14.Nd2 Ne7 15.Qxh8 Qa7
16.Be2 Qa1+ 17.Nd1 Nf8 18.e5 Qc1 19.O-O Qxd2 20.exf6 gxf6 21.Bh5+ Neg6 22.Bxg6+ hxg6
23.Qh4 Be7 24.Qe4 b4 25.Ne3 Qxb2 26.Nxc4 Qc3 27.d5 Bc5 28.dxe6+ Nxe6 29.Qb7+ Ke8
30.Qd5 Kf7 31.Qd7+  1-0

[Event "GMA-qual"]
[Site "Belgorod"]
[Date "1989.??.??"]
[Round "?"]
[White "Levin, Felix"]
[Black "Kozlov, V."]
[Result "1/2-1/2"]
[WhiteElo "2320"]
[BlackElo "2420"]

1.d4 d5 2.c4 dxc4 3.Nf3 a6 4.e3 Nf6 5.Bxc4 e6 6.Qe2 c5 7.dxc5 Bxc5 8.Bd3 Nc6
9.a3 Bd6 10.O-O O-O 11.Nbd2 Qe7 12.b4 Ne5 13.Nxe5 Bxe5 14.Rb1 Rd8 15.Nf3 Bd6
16.e4 e5 17.Bg5  1/2-1/2

[Event "Caorle op"]
[Site "Caorle"]
[Date "1989.??.??"]
[Round "8"]
[White "Maksimovic, Branimir"]
[Black "Sulava, Nenad"]
[Result "0-1"]
[WhiteElo "2425"]
[BlackElo "2390"]

1.d4 d5 2.c4 dxc4 3.Nf3 a6 4.e4 b5 5.a4 Bb7 6.Nc3 e6 7.axb5 axb5 8.Rxa8 Bxa8
9.Nxb5 Bxe4 10.Bxc4 Bxf3 11.Qxf3 Bb4+ 12.Nc3 Nf6 13.O-O O-O 14.Rd1 c6 15.Bf4 Bd6
16.Be5 Nd5 17.Ne4 Bxe5 18.dxe5 Nd7 19.Qg3 Qb8 20.Bxd5 cxd5 21.Nf6+ Nxf6 22.exf6 Qxg3
23.hxg3 gxf6 24.b4 Rb8 25.Rb1 Kf8 26.Kf1 Ke7 27.Ke2 Kd6 28.Kd3 Ra8 29.Rh1 Ra3+
30.Ke2 Ra2+ 31.Ke3 e5 32.g4 Rb2 33.Rxh7 Ke6 34.Rh8 Rxb4 35.Rg8 Rb3+ 36.Ke2 Rb2+
37.Ke3  0-1

[Event "Cheliabinsk"]
[Site "Cheliabinsk"]
[Date "1989.??.??"]
[Round "?"]
[White "Gleizerov, Evgeny"]
[Black "Ivanov, Jordan"]
[Result "1-0"]
[WhiteElo "2420"]
[BlackElo "2300"]

1.d4 d5 2.c4 dxc4 3.Nf3 c5 4.d5 e6 5.Nc3 Nf6 6.e4 exd5 7.e5 Nfd7 8.Bg5 f6
9.exf6 gxf6 10.Bh4 Nb6 11.Ne5 Qe7 12.Qh5+ Kd8 13.O-O-O Be6 14.Bxc4 Nxc4 15.Nxd5 Bxd5
16.Rxd5+ Kc7 17.Nxc4  1-0

[Event "Copenhagen op"]
[Site "Copenhagen"]
[Date "1989.??.??"]
[Round "1"]
[White "Duriga, Stefan"]
[Black "Paunovic, Tomislav"]
[Result "0-1"]
[WhiteElo "2295"]
[BlackElo "2425"]

1.d4 d5 2.Nf3 c5 3.c4 dxc4 4.d5 Nf6 5.Nc3 e6 6.e4 exd5 7.exd5 Bd6 8.Bxc4 O-O
9.O-O Bg4 10.h3 Bh5 11.Re1 Nbd7 12.Be2 Nb6 13.Bg5 h6 14.Bxf6 Qxf6 15.Ne4 Qd8
16.Rc1 Rc8 17.Nc3 Re8 18.Qc2 Qf6 19.Ne4 Qf4 20.Ng3 Bg6 21.Bd3 Bxd3 22.Qxd3 c4
23.Qf5 g6 24.Qxf4 Bxf4 25.Rxe8+ Rxe8 26.Rc2 Rd8 27.Ne2 Bc7 28.Nc3 Nxd5 29.Nb5 Nb4
30.Rd2 Bb6 31.Nd6 Nxa2 32.Nxc4 Rxd2 33.Nfxd2 Bd4 34.b3 Nc1 35.Kf1 b5 36.Na3 a6
37.Nc2 Bc5 38.b4 Be7 39.Nb3 Nd3  0-1

[Event "Dortmund-C"]
[Site "Dortmund"]
[Date "1989.??.??"]
[Round "?"]
[White "Schuh, Franz"]
[Black "Mainka, Gregor"]
[Result "0-1"]
[WhiteElo "2295"]
[BlackElo "2285"]

1.d4 d5 2.c4 dxc4 3.Nf3 a6 4.e3 Nf6 5.Bxc4 c5 6.O-O Qc7 7.Bb3 e6 8.Nc3 b5
9.Qe2 Bb7 10.Rd1 Nbd7 11.a3 Bd6 12.h3 O-O 13.Bd2 e5 14.dxe5 Nxe5 15.Nxe5 Bxe5
16.Be1 c4 17.Bc2 Rfe8 18.Rac1 Qe7 19.Bb1 Bc7 20.Rd2 h5 21.Qf1 Qe5 22.g3 h4
23.Ne2 Ne4 24.Bxe4 Qxe4 25.Kh2 Qf3 26.Qg1 hxg3+ 27.Nxg3 Bc6 28.Rd4 Re6 29.Rc3 Be5
30.Rg4 Qxg4  0-1

[Event "Dortmund-C"]
[Site "Dortmund"]
[Date "1989.??.??"]
[Round "?"]
[White "Tatai, Stefano"]
[Black "Mainka, Gregor"]
[Result "1/2-1/2"]
[WhiteElo "2395"]
[BlackElo "2285"]

1.d4 d5 2.c4 dxc4 3.Nf3 a6 4.e3 Nf6 5.Bxc4 b5 6.Be2 Bb7 7.a4 b4 8.Nbd2 e6
9.Nb3 Nbd7 10.O-O c5 11.Nfd2 Rc8 12.Nc4 Bd5 13.a5 cxd4 14.Nb6 Nxb6 15.axb6 Qxb6
16.Rxa6 Qb7 17.Nxd4 Bc5 18.Qa4+ Ke7 19.Nb3 Bxb3 20.Qxb3 Rhd8 21.Ra5 Qc7 22.Ra1  1/2-1/2

[Event "Espoo zt"]
[Site "Espoo"]
[Date "1989.??.??"]
[Round "?"]
[White "Olafsson, Helgi"]
[Black "Westerinen, Heikki MJ"]
[Result "1-0"]
[WhiteElo "2545"]
[BlackElo "2435"]

1.d4 d5 2.Nf3 c5 3.c4 dxc4 4.Nc3 e6 5.e4 cxd4 6.Qxd4 Qxd4 7.Nxd4 a6 8.Bxc4 b5
9.Be2 Bb7 10.f3 Ne7 11.Nb3 Nec6 12.Be3 Nd7 13.O-O-O Rc8 14.Kb1 Bb4 15.a3 Bxc3
16.bxc3 Nce5 17.Na5 Rxc3 18.Bd2 Rc7 19.Rc1 Nc4 20.Bxc4 bxc4 21.Bb4 Nb6 22.Rhd1 Bc8
23.Rd6 Na8 24.Rcd1 Rd7 25.Nxc4 f6 26.Rxe6+ Kf7 27.Rxd7+ Bxd7 28.Re7+  1-0

[Event "Groningen op"]
[Site "Groningen"]
[Date "1989.??.??"]
[Round "4"]
[White "Kohlweyer, Bernd"]
[Black "Van der Sterren, Paul"]
[Result "1/2-1/2"]
[WhiteElo "2365"]
[BlackElo "2500"]

1.d4 d5 2.c4 dxc4 3.Nf3 a6 4.e4 b5 5.a4 Bb7 6.axb5 axb5 7.Rxa8 Bxa8 8.Nc3 e6
9.Nxb5 Bxe4 10.Bxc4 Bb4+ 11.Nc3 Ne7 12.O-O Bxc3 13.bxc3 O-O 14.Ba3 Re8 15.Re1 Bd5
16.Bf1 Ng6 17.Ne5 Nxe5 18.Rxe5 Nd7 19.Re3 Nb6 20.Rh3 Bc4 21.Qh5 h6 22.Rg3 Qf6
23.Rf3 Qg6 24.Qxg6 fxg6 25.Bc5 Ra8 26.Bxc4 Nxc4 27.h4 Nd2 28.Rf4 g5 29.hxg5 hxg5
30.Rg4 Ra1+ 31.Kh2 Kf7 32.Rxg5 Ne4 33.Rg4 Rh1+ 34.Kxh1 Nxf2+ 35.Kh2 Nxg4+
36.Kg3 Ne3 37.Kf3 Nd1 38.Bb4 Nb2 39.Ke4 Nc4 40.Kd3 Nb2+  1/2-1/2

[Event "EU-chT"]
[Site "Haifa"]
[Date "1989.??.??"]
[Round "2"]
[White "Bellon Lopez, Juan Manuel"]
[Black "Fernandes, Antonio"]
[Result "1-0"]
[WhiteElo "2450"]
[BlackElo "2405"]

1.d4 d5 2.c4 dxc4 3.Nf3 c5 4.d5 e6 5.Nc3 exd5 6.Qxd5 Qxd5 7.Nxd5 Bd6 8.e4 Ne7
9.Bxc4 Nbc6 10.O-O Bg4 11.Nxe7 Nxe7 12.Be3 b6 13.Ng5 O-O 14.f3 Bc8 15.Rfd1 Bc7
16.Nxf7 Rxf7 17.Bf4 Be6 18.Bxe6 Bxf4 19.Rd7 Kf8 20.Rad1 Be3+ 21.Kf1 Bd4 22.Bxf7 Kxf7
23.b4 Ke6 24.Rb7 g5 25.bxc5 Bxc5 26.Rbd7 a5 27.Rd8 Ra7 28.g3 a4 29.Kg2 a3
30.Kh3 Nc6 31.Re8+ Kf7 32.Rc8 Nd4 33.f4 Re7 34.e5 gxf4 35.gxf4 Ke6 36.Rd8 Ne2
37.Kg4 Rf7 38.Re8+ Re7 39.f5+ Kf7 40.Rxe7+ Kxe7 41.Rd3 Nc1 42.Rh3 Nxa2 43.Rxh7+ Kd8
44.f6 Nc3 45.e6 b5 46.Rh8+ Kc7 47.e7 Nd5 48.Rc8+ Kb6 49.Rc6+  1-0

[Event "EU-chT"]
[Site "Haifa"]
[Date "1989.??.??"]
[Round "5"]
[White "Oney, Feridun"]
[Black "Westerinen, Heikki MJ"]
[Result "0-1"]
[WhiteElo "2285"]
[BlackElo "2435"]

1.d4 d5 2.c4 dxc4 3.Nf3 a6 4.a4 Nc6 5.e4 Bg4 6.Bxc4 Bxf3 7.Qxf3 e6 8.d5 Ne5
9.Qc3 Nxc4 10.Qxc4 exd5 11.exd5 Qe7+ 12.Be3 Qb4+ 13.Nd2 Qxc4 14.Nxc4 Nf6
15.d6 Bxd6 16.Nxd6+ cxd6 17.Bd4 Kd7 18.O-O Rhe8 19.a5 Rac8 20.Bc3 Re2 21.Ra4 Ke6
22.Rb1 Ne4 23.Bd4 Rcc2 24.Rf1 g6 25.Ra3 Kd5 26.Be3 Rxb2 27.Ra4 f5 28.h3 Ra2
29.Rb4 Reb2 30.Rd1+ Kc6 31.Rbd4 Kc7 32.Rc4+ Kd7 33.Bd4 Nxf2 34.Rdc1 Re2 35.Rc7+ Ke6
36.Bxf2 Rxf2 37.Re1+ Kf6  0-1

[Event "Leningrad-chT"]
[Site "Leningrad"]
[Date "1989.??.??"]
[Round "?"]
[White "Moskalenko, Viktor"]
[Black "Baburin, Alexander"]
[Result "0-1"]
[WhiteElo "2500"]
[BlackElo "2415"]

1.d4 d5 2.c4 dxc4 3.Nf3 a6 4.e3 e6 5.Bxc4 c5 6.O-O Nf6 7.Bd3 cxd4 8.exd4 Nc6
9.Nc3 Be7 10.Bg5 O-O 11.Rc1 Qa5 12.Ne4 Nxe4 13.Bxe7 Nxe7 14.Bxe4 Nd5 15.Ne5 Nf6
16.Bf3 Rd8 17.Nc4 Qb4 18.a3 Qb5 19.Re1 Rb8 20.Re3 Qg5 21.Nb6 Bd7 22.Re5 Qh6
23.Rec5 Be8 24.Rc8 Rbxc8 25.Rxc8 Rxc8 26.Nxc8 Qf4 27.Bxb7 Ng4 28.Bf3 Qxh2+
29.Kf1 Bb5+ 30.Ke1 Qg1+ 31.Kd2 Qxf2+ 32.Kc3 Qe3+ 33.Kb4 Nf2 34.Qc2 Qxd4+
35.Ka5 g6 36.Nb6 Nd3 37.Qc8+ Kg7 38.Qc3 Qxc3+ 39.bxc3  0-1

[Event "Lenk op"]
[Site "Lenk"]
[Date "1989.??.??"]
[Round "?"]
[White "Cvitan, Ognjen"]
[Black "Erdelyi, Tamas"]
[Result "1-0"]
[WhiteElo "2525"]
[BlackElo "2310"]

1.d4 d5 2.c4 dxc4 3.Nf3 c5 4.e3 cxd4 5.Bxc4 Qc7 6.Qb3 e6 7.exd4 Nc6 8.O-O Nf6
9.Nc3 Be7 10.d5 exd5 11.Nxd5 Nxd5 12.Bxd5 O-O 13.Be3 Nb4 14.Bc4 b5 15.Bxb5 Be6
16.Qa4 Qc2 17.Nd4 Qxa4 18.Bxa4 Bxa2 19.Nf5 Bf6 20.Bc5  1-0

[Event "London NWYM"]
[Site "London"]
[Date "1989.??.??"]
[Round "?"]
[White "Conquest, Stuart"]
[Black "Barua, Dibyendu"]
[Result "0-1"]
[WhiteElo "2490"]
[BlackElo "2480"]

1.d4 d5 2.c4 dxc4 3.Nf3 a6 4.e3 Bg4 5.Bxc4 e6 6.h3 Bh5 7.Nc3 Nf6 8.g4 Bg6
9.Ne5 Nbd7 10.Nxg6 hxg6 11.a3 c5 12.g5 Nh5 13.Rg1 Qc7 14.Ba2 cxd4 15.exd4 Bxa3
16.Bxe6 fxe6 17.Rxa3 O-O 18.Ne4 Qc6 19.Rg4 Qd5 20.Be3 Nb6 21.Rc3 Qa5 22.Bd2 Qf5
23.Rb3 Nd5 24.f3 Rad8 25.Kf2 b5 26.Ra3 e5 27.Rxa6 exd4 28.Qb3 Kh8 29.Ng3 Qe5
30.Rxg6 Nxg3 31.Rxg3 d3 32.Qxd3 Ne7 33.Rh6+ gxh6 34.Bc3 Rxd3 35.Bxe5+ Kh7
36.gxh6 Rg8  0-1

[Event "Lugano op"]
[Site "Lugano"]
[Date "1989.??.??"]
[Round "2"]
[White "Petursson, Margeir"]
[Black "Nikolic, Nebojsa"]
[Result "1-0"]
[WhiteElo "2530"]
[BlackElo "2375"]

1.d4 d5 2.c4 dxc4 3.Nf3 a6 4.e3 Nf6 5.Bxc4 e6 6.O-O c5 7.Bd3 cxd4 8.exd4 g6
9.Nc3 Bg7 10.Bg5 h6 11.Bh4 Nc6 12.Rc1 Nxd4 13.Qa4+ Nc6 14.Rfd1 Qb6 15.Bxf6 Bxf6
16.Qf4 Bg7 17.Na4 Qa5 18.Rc5 Qd8 19.Rxc6 bxc6 20.Bc2 Qe7 21.Nb6 O-O 22.Nxa8 Qb7
23.h4 Qxa8 24.h5 gxh5 25.Rd3 Qb7 26.b3 Qb5 27.Qe4 f5 28.Qh4 e5 29.Rd8 Qc5
30.Bd3 Be6 31.Rxf8+ Qxf8 32.Bxa6 e4 33.Nd2 Qa3 34.Qxh5 Qc1+ 35.Nf1 Kf8 36.Qg6 Bd5
37.Qxf5+ Kg8 38.Bc8 Qd1 39.Qg6 Qd4 40.Qe8+ Bf8 41.Be6+ Bxe6 42.Qxe6+ Kh7
43.Qxc6  1-0

[Event "Lugano op"]
[Site "Lugano"]
[Date "1989.??.??"]
[Round "6"]
[White "Tukmakov, Vladimir B"]
[Black "Arlandi, Ennio"]
[Result "1-0"]
[WhiteElo "2590"]
[BlackElo "2390"]

1.d4 d5 2.c4 dxc4 3.Nf3 a6 4.e3 Nf6 5.Bxc4 e6 6.a4 c5 7.O-O Nc6 8.Qe2 Qc7
9.Nc3 Bd6 10.h3 O-O 11.Rd1 e5 12.d5 Na5 13.Nd2 Nxc4 14.Nxc4 e4 15.a5 Bf5
16.Bd2 Rad8 17.Be1 Rfe8 18.Rac1 Bh2+ 19.Kh1 Be5 20.Na4 Nxd5 21.Nxe5 Qxe5
22.Rxc5 Qe6 23.g4 Bg6 24.Qd2 Nf6 25.Qxd8 Rxd8 26.Rxd8+ Ne8 27.Nc3 f6 28.Nd5 Kf7
29.Bb4 f5 30.Rc7+  1-0

[Event "Moscow1"]
[Site "Moscow"]
[Date "1989.??.??"]
[Round "?"]
[White "Khenkin, Igor"]
[Black "Westerinen, Heikki MJ"]
[Result "1-0"]
[WhiteElo "2415"]
[BlackElo "2400"]

1.d4 d5 2.c4 dxc4 3.Nf3 a6 4.e3 Nf6 5.Bxc4 e6 6.O-O c5 7.Bd3 Nc6 8.Nc3 cxd4
9.exd4 Be7 10.Bg5 Nd5 11.Nxd5 Qxd5 12.Bxe7 Nxe7 13.Re1 Qd6 14.Ng5 Qf4 15.Ne4 Bd7
16.g3 Qc7 17.Qg4 O-O-O 18.Nc5 Bc6 19.Qxg7 Rhf8 20.Rac1 Qd6 21.Qf6 Nd5 22.Qe5 Nb4
23.Bxh7 Nxa2 24.Rc4 Qxe5 25.dxe5 Rd2 26.Rc2 Rfd8 27.h4 Rd1 28.Rf1 Kb8 29.Be4 Nb4
30.Rc1 R1d2 31.Bxc6 Nxc6 32.Nxa6+ Ka7 33.Nc5 Rxb2 34.Ra1+ Kb8 35.Rab1 Rxb1
36.Rxb1 Nxe5 37.Rxb7+ Kc8 38.Ra7 Rd2 39.h5 Rc2 40.Ne4 f5 41.Nd6+ Kd8  1-0

[Event "Moscow op"]
[Site "Moscow"]
[Date "1989.??.??"]
[Round "?"]
[White "Kachar, Vladimir"]
[Black "Maljutin, Evgeni"]
[Result "1-0"]
[WhiteElo "2300"]
[BlackElo "2355"]

1.d4 d5 2.Nf3 c5 3.c4 dxc4 4.Nc3 cxd4 5.Qxd4 Qxd4 6.Nxd4 Bd7 7.Ndb5 Na6 8.e4 Nf6
9.f3 e5 10.Be3 Be6 11.Kf2 Bb4 12.Nxa7 Ke7 13.Nab5 Bc5 14.Be2 Bxe3+ 15.Kxe3 Nb4
16.Rhc1 Rac8 17.b3 cxb3 18.axb3 Rhd8 19.Ra7 Rd7 20.Rd1 Nc2+ 21.Kf2 Nd4 22.Nxd4 exd4
23.Nb5 Bxb3 24.Rxd4 Rb8 25.Ke3 Ne8 26.f4 f6 27.Rb4 Bf7 28.Nd4 Kf8 29.Bf3 Nd6
30.Bg4 Rc7 31.Ne6+ Bxe6 32.Bxe6 Rc2 33.e5 Re8 34.Kd3 Rxe6 35.Kxc2 fxe5 36.Ra5 exf4
37.Rxf4+ Ke7 38.Kd3 Rg6 39.Ra2 Kd7 40.Re2 Rh6 41.h3 Rh5 42.Rd4 Rf5 43.Kd2 b5
44.Kc3 Rf6 45.Rd5 Kc6 46.Rde5 Rg6 47.Re6 Rg3+ 48.R6e3 Rxe3+ 49.Rxe3 Kd5 50.Re7 Ne4+
51.Kb4 g5 52.Rxh7 Ke5 53.Rf7 Nf6 54.Kxb5 Nd5 55.g3 Nf6 56.Kc6 Nh5 57.Rf3 Ke4
58.Ra3 Ng7 59.Kd6 Nf5+ 60.Ke6  1-0

[Event "Moscow op"]
[Site "Moscow"]
[Date "1989.??.??"]
[Round "?"]
[White "Yuferov, Sergey  N"]
[Black "Maljutin, Evgeni"]
[Result "1-0"]
[WhiteElo "2440"]
[BlackElo "2355"]

1.d4 d5 2.c4 dxc4 3.Nf3 c5 4.Nc3 cxd4 5.Qxd4 Qxd4 6.Nxd4 Bd7 7.Ndb5 Na6 8.e4 Nf6
9.Bxc4 Rc8 10.Be2 Nb4 11.Nxa7 Rxc3 12.bxc3 Nc2+ 13.Kd2 Nxa1 14.f3 g6 15.Bb5 e5
16.Bb2 Bc5 17.Bxd7+ Kxd7 18.Nb5 Kc6 19.c4 Bb4+ 20.Kc1 Ra8 21.Kb1 Nd7 22.Bxa1 f6
23.Kb2 Nb6 24.Kb3 Bc5 25.Rb1 Ra4 26.Bc3 Rxc4 27.Na7+ Kd7 28.Rd1+ Ke6 29.Nb5 Be7
30.Ba5 Rc5 31.a4 Nc4 32.Bb4 Rc8 33.Rd3 b6 34.Bxe7 Kxe7 35.Kb4 Na5 36.Nc3 Ke6
37.Kb5 Nc4 38.Nd5 Rc5+ 39.Kb4 Nb2 40.Rd2  1-0

[Event "URS-ch sf"]
[Site "Moscow"]
[Date "1989.??.??"]
[Round "?"]
[White "Piskov, Yury"]
[Black "Dragomarezkij, Evgeni"]
[Result "1-0"]
[WhiteElo "2400"]
[BlackElo "2325"]

1.d4 d5 2.c4 dxc4 3.Nf3 c5 4.e4 cxd4 5.Bxc4 Nc6 6.O-O e5 7.Ng5 Nh6 8.f4 Be7
9.Qh5 O-O 10.f5 Qd6 11.Na3 a6 12.Rf3 Bd7 13.Bd2 Be8 14.Raf1 Kh8 15.f6 Bd8
16.fxg7+ Kxg7 17.Ne6+  1-0

[Event "New York op"]
[Site "New York"]
[Date "1989.??.??"]
[Round "6"]
[White "Bonin, Jay R"]
[Black "Zaltsman, Vitaly F"]
[Result "0-1"]
[WhiteElo "2400"]
[BlackElo "2415"]

1.d4 d5 2.c4 dxc4 3.Nf3 a6 4.e3 e6 5.Bxc4 c5 6.O-O Nf6 7.a4 Nc6 8.Nc3 Qc7
9.h3 Be7 10.Qe2 O-O 11.Rd1 Rd8 12.b3 Bd7 13.Bb2 Be8 14.dxc5 Bxc5 15.Ng5 Ne5
16.Nce4 Nxe4 17.Nxe4 Be7 18.Rdc1 Qb8 19.f4 Ng6 20.Ng3 Bc6 21.Nh5 Bf8 22.Qe1 Qd6
23.Rd1 Qe7 24.Ba3 Qh4 25.Qxh4 Nxh4 26.Bxf8 Kxf8 27.Bf1 Nf5 28.Kf2 a5 29.Ng3 Nxg3
30.Kxg3 Ke7 31.Bb5 Be4 32.Rxd8 Rxd8 33.Rc1 Rd2 34.Bf1 Rc2 35.Rxc2 Bxc2 36.Bc4 Kd6  0-1

[Event "Novi Sad op"]
[Site "Novi Sad"]
[Date "1989.??.??"]
[Round "7"]
[White "Tabatadze, Tamaz"]
[Black "Donchenko, Anatoly G"]
[Result "0-1"]
[WhiteElo "2365"]
[BlackElo "2345"]

1.d4 d5 2.c4 dxc4 3.Nf3 a6 4.a4 Nf6 5.e3 e6 6.Bxc4 c5 7.O-O Nc6 8.Qe2 Qc7
9.Nc3 Bd6 10.dxc5 Bxc5 11.e4 Ng4 12.g3 O-O 13.Kg2 h6 14.h3 Nf6 15.Be3 Nd7
16.Bxc5 Nxc5 17.e5 b6 18.Kh2 Bb7 19.Rac1 Rfd8 20.Rfd1 Na5 21.Nd2 Nxc4 22.Nxc4 Nb3
23.Nd6 Nxc1 24.Rxc1 Qc6 25.Nxb7 Qxb7 26.Ne4 Rd4 27.Nd6 Qd5 28.Nc8 Rd2 29.Qe3 Qd4
30.Qxd4 Rxd4 31.Nxb6 Rb8 32.Rc6 Rd2 33.Kg2 Rxb2 34.Nd7 Ra8 35.Nc5 a5 36.Nd3 Ra2
37.Rc4 Rd8  0-1

[Event "Podolsk GMA-qual"]
[Site "Podolsk"]
[Date "1989.??.??"]
[Round "?"]
[White "Ruban, Vadim"]
[Black "Yakovich, Yuri"]
[Result "1/2-1/2"]
[WhiteElo "2515"]
[BlackElo "2450"]

1.d4 d5 2.c4 dxc4 3.Nf3 a6 4.e3 e6 5.Bxc4 c5 6.Qe2 Nf6 7.dxc5 Bxc5 8.O-O b5
9.Bd3 Nc6 10.a3 Bd6 11.Nbd2 Bb7 12.Ne4 Be7 13.Bd2 O-O 14.Rac1 Qb6 15.Nxf6+ Bxf6
16.Bc3 Bxc3 17.Rxc3 h6 18.Bb1 Rac8 19.h4 Ne7 20.Rfc1 Rxc3 21.Rxc3 Rd8 22.Ne5 Rd5
23.Nd3 Qd8 24.Rc1 Rd6 25.Nc5 Ba8 26.Bd3 Nf5 27.g3 Ne7 28.b4 Nc6 29.Be4 Ne5
30.Nb7 Bxb7 31.Bxb7 Nc4 32.a4 Rd2 33.Qf3 Qd6  1/2-1/2

[Event "Sochi-B"]
[Site "Sochi"]
[Date "1989.??.??"]
[Round "?"]
[White "Sorokin, Maxim"]
[Black "Khenkin, Igor"]
[Result "1/2-1/2"]
[WhiteElo "2420"]
[BlackElo "2445"]

1.Nf3 d5 2.d4 c5 3.c4 dxc4 4.Nc3 e6 5.e3 cxd4 6.Qxd4 Qxd4 7.Nxd4 a6 8.Bxc4 b5
9.Be2 Bb7 10.O-O Nf6 11.Rd1 Nbd7 12.Bd2 Bc5 13.Be1 O-O 14.a3 Rac8 15.Bf3 Bxf3
16.Nxf3 Be7 17.Nd4 Nc5 18.a4  1/2-1/2

[Event "Sochi-B"]
[Site "Sochi"]
[Date "1989.??.??"]
[Round "?"]
[White "Kallai, Gabor"]
[Black "Khenkin, Igor"]
[Result "1/2-1/2"]
[WhiteElo "2405"]
[BlackElo "2445"]

1.Nf3 d5 2.d4 c5 3.c4 dxc4 4.e3 cxd4 5.exd4 Be6 6.Nc3 Nf6 7.Ne5 Nc6 8.Nxc6 bxc6
9.Qa4 Qd7 10.Bxc4 Bxc4 11.Qxc4 e6 12.O-O Be7 13.Bg5 O-O  1/2-1/2

[Event "Sochi-B"]
[Site "Sochi"]
[Date "1989.??.??"]
[Round "?"]
[White "Ivanov, Jordan"]
[Black "Yakovich, Yuri"]
[Result "0-1"]
[WhiteElo "2300"]
[BlackElo "2450"]

1.d4 d5 2.c4 dxc4 3.Nf3 a6 4.e4 b5 5.a4 Bb7 6.Nc3 c6 7.Be2 e6 8.O-O Nf6 9.Bg5 Nbd7
10.Qc2 h6 11.Bxf6 Nxf6 12.Rad1 Be7 13.b3 b4 14.e5 Nd7 15.Ne4 c3  0-1

[Event "Toronto"]
[Site "Toronto"]
[Date "1989.??.??"]
[Round "4"]
[White "Vranesic, Zvonko"]
[Black "Dlugy, Maxim"]
[Result "0-1"]
[WhiteElo "2365"]
[BlackElo "2570"]

1.d4 d5 2.c4 dxc4 3.Nf3 a6 4.e3 e6 5.Bxc4 c5 6.Qe2 b5 7.Bd3 cxd4 8.exd4 Nf6
9.O-O Bb7 10.Bg5 Be7 11.Nc3 O-O 12.Rad1 Nbd7 13.Ne5 Nb6 14.Bb1 b4 15.Bxf6 Bxf6
16.Ne4 Bd5 17.Rfe1 g6 18.Nxf6+ Qxf6 19.Be4 Rfc8 20.Bxd5 Nxd5 21.Nd7 Qg5 22.Nc5 Rc6
23.g3 Qe7 24.Rc1 Rd6 25.Ne4 Rdd8 26.Rc6 a5 27.Rec1 Ra7 28.Rc8 Kg7 29.Rxd8 Qxd8
30.Rc5 Ne7 31.Rc4 Rd7 32.Nd2 Rd5 33.Nf3 Nf5 34.g4 Nh4 35.Nxh4 Qxh4 36.Kg2 h5
37.h3 Qg5 38.Qe3 hxg4 39.Qxg5 gxh3+ 40.Kxh3 Rxg5 41.f4 Rg1 42.Rc5 Rd1 43.Rxa5 Rxd4
44.Kg3 b3 45.Kf3 bxa2 46.Rxa2 Rb4 47.Ke3 f5 48.Kd3 Rxf4 49.b3 Rb4 50.Kc3 Rb8
51.b4 g5 52.Rb2 Kf6 53.b5 f4 54.b6 Kf5 55.Kd3 g4 56.Rb5+ e5 57.b7 g3  0-1

[Event "Uzes op"]
[Site "Uzes"]
[Date "1989.??.??"]
[Round "1"]
[White "Baldy, Philippe"]
[Black "Chaybani, B."]
[Result "1-0"]
[WhiteElo "2275"]
[BlackElo "1700"]

1.d4 d5 2.c4 dxc4 3.Nf3 a6 4.e3 Nf6 5.Bxc4 e6 6.O-O c5 7.Nc3 b5 8.Bd3 cxd4
9.exd4 Be7 10.Ne5 Bb7 11.a3 O-O 12.Be3 Nc6 13.Rc1 Nxe5 14.dxe5 Nd5 15.Qh5 g6
16.Qe2 Nxe3 17.Qxe3 Rc8 18.Rcd1 Qc7 19.Be4 Bc5 20.Qg3 Bxe4 21.Nxe4 Be7 22.Nd6 Rcd8
23.Rc1 Qb6 24.Rfd1 f6 25.Qb3 fxe5 26.Qxe6+ Kg7 27.Nf5+  1-0

[Event "JUG-chT"]
[Site "Zlatibor"]
[Date "1989.??.??"]
[Round "?"]
[White "Cvitan, Ognjen"]
[Black "Davidovic, Aleksandar"]
[Result "1-0"]
[WhiteElo "2515"]
[BlackElo "2420"]

1.d4 d5 2.c4 dxc4 3.Nf3 c5 4.e3 e6 5.Bxc4 Nf6 6.O-O a6 7.a4 Nc6 8.Qe2 Qc7
9.Nc3 Bd6 10.Bd2 b6 11.d5 exd5 12.Nxd5 Nxd5 13.Bxd5 O-O 14.Bc3 Bb7 15.Qc4 Rae8
16.Rad1 Ne5 17.Nxe5 Bxe5 18.h3 Bxc3 19.bxc3 Rd8 20.e4 Bxd5 21.exd5 Qb7 22.Rfe1 Rd6
23.Re5 h6 24.h4 Rc8 25.Qe4 b5 26.h5 c4 27.axb5 axb5 28.Re7 Rd7 29.Re8+ Rxe8
30.Qxe8+ Kh7 31.d6 Qc6 32.Qe5 Kg8 33.Rd4 Kf8 34.Rd5 Kg8 35.Kh2 b4 36.cxb4 c3
37.b5 Qc4 38.Rc5 Qh4+ 39.Kg1 Qg4 40.f3 Qe6 41.Rc8+ Kh7 42.Qxe6 fxe6 43.b6 Rb7
44.Kh2 c2 45.d7 Rxd7 46.Rxc2 Rb7 47.Rc6  1-0

[Event "JUG-chT"]
[Site "Zlatibor"]
[Date "1989.??.??"]
[Round "?"]
[White "Ostojic, Nikola"]
[Black "Zivkovic, Vesna"]
[Result "1/2-1/2"]
[WhiteElo "2265"]
[BlackElo "2165"]

1.d4 d5 2.c4 dxc4 3.Nf3 a6 4.e3 Bg4 5.Bxc4 e6 6.Nc3 Nf6 7.h3 Bh5 8.a3 c5
9.dxc5 Qxd1+ 10.Kxd1 Bxc5 11.b4 Be7 12.g4 Bg6 13.Ke2 Nbd7 14.Bb2 O-O 15.Rhd1 Rfd8
16.Bb3 Rac8 17.Rac1 h6 18.Rd2 Rc7 19.Na2 Rdc8 20.Rxc7 Rxc7 21.Nc3 Kf8 22.Rd1 Kg8
23.Rc1 Kf8 24.Rd1 Kg8 25.Rc1  1/2-1/2